Mechanical Engineering for Competitions (Record no. 5615)
[ view plain ]
| 000 -LEADER | |
|---|---|
| fixed length control field | 00331nam a2200133Ia 4500 |
| 008 - FIXED-LENGTH DATA ELEMENTS--GENERAL INFORMATION | |
| fixed length control field | 191201s2012 xx 000 0 und d |
| 100 ## - MAIN ENTRY--PERSONAL NAME | |
| Personal name | JAIN,RK |
| 245 #0 - TITLE STATEMENT | |
| Title | Mechanical Engineering for Competitions |
| 250 ## - EDITION STATEMENT | |
| Edition statement | Rep |
| 260 ## - PUBLICATION, DISTRIBUTION, ETC. (IMPRINT) | |
| Place of publication, distribution, etc | N. Delhi |
| Name of publisher, distributor, etc | Khanna Publisher |
| Date of publication, distribution, etc | 2012 |
| 300 ## - PHYSICAL DESCRIPTION | |
| Extent | 1286+192 |
| 650 ## - SUBJECT ADDED ENTRY--TOPICAL TERM | |
| Topical term or geographic name as entry element | B.Tech(ME) |
| 942 ## - ADDED ENTRY ELEMENTS (KOHA) | |
| Source of classification or shelving scheme | Dewey Decimal Classification |
| Koha item type | Text Books |
| Withdrawn status | Lost status | Source of classification or shelving scheme | Damaged status | Not for loan | Collection code | Home library | Current library | Date acquired | Source of acquisition | Cost, normal purchase price | Bill Number | Total Checkouts | Full call number | Acc. no. / Barcode | Date last seen | Bill Date | Koha item type | Date last borrowed |
|---|---|---|---|---|---|---|---|---|---|---|---|---|---|---|---|---|---|---|
| Dewey Decimal Classification | B.Tech(ME) | PIET C-LIBRARY | PIET C-LIBRARY | 08/05/2013 | IBH, New Delhi | 480.00 | 1014 | 621.815 JAM | 21669 | 04/12/2019 | 06/05/2013 | Text Books | ||||||
| Dewey Decimal Classification | B.Tech(ME) | PIET C-LIBRARY | PIET C-LIBRARY | 08/05/2013 | IBH, New Delhi | 480.00 | 1014 | 1 | 621.815 JAM | 21670 | 01/10/2024 | 06/05/2013 | Text Books | 28/08/2024 | ||||
| Dewey Decimal Classification | B.Tech(ME) | PIET C-LIBRARY | PIET C-LIBRARY | 08/05/2013 | IBH, New Delhi | 480.00 | 1014 | 621.815 JAM | 21671 | 04/12/2019 | 06/05/2013 | Text Books | ||||||
| Dewey Decimal Classification | B.Tech(ME) | PIET C-LIBRARY | PIET C-LIBRARY | 08/05/2013 | IBH, New Delhi | 480.00 | 1014 | 1 | 621.815 JAM | 21672 | 22/08/2022 | 06/05/2013 | Text Books | 20/04/2022 | ||||
| Dewey Decimal Classification | B.Tech(ME) | PIET C-LIBRARY | PIET C-LIBRARY | 08/05/2013 | IBH, New Delhi | 480.00 | 1014 | 621.815 JAM | 21673 | 04/12/2019 | 06/05/2013 | Text Books |